Effect of fungicides and antibiotics to control microbial contamination in Hevea cultures (Record no. 51901)

MARC details
000 -LEADER
fixed length control field 00535nam a2200181Ia 4500
100 ## - MAIN ENTRY--AUTHOR NAME
Personal name Kala R.G.
245 #0 - TITLE STATEMENT
Title Effect of fungicides and antibiotics to control microbial contamination in Hevea cultures
260 ## - PUBLICATION, DISTRIBUTION, ETC. (IMPRINT)
Name of publisher Plant Cell Biotechnology and Molecular Biology
Year of publication 2004
300 ## - PHYSICAL DESCRIPTION
Number of Pages 51-58
650 ## - SUBJECT ADDED ENTRY--TOPICAL TERM
Topical Term Antibiotics
650 ## - SUBJECT ADDED ENTRY--TOPICAL TERM
Topical Term Contamination control
650 ## - SUBJECT ADDED ENTRY--TOPICAL TERM
Topical Term Fungicide
650 ## - SUBJECT ADDED ENTRY--TOPICAL TERM
Topical Term Phytotoxicity
700 ## - ADDED ENTRY--PERSONAL NAME
Personal name Pavithran L.
700 ## - ADDED ENTRY--PERSONAL NAME
Personal name Thulaseedharan A.
942 ## - ADDED ENTRY ELEMENTS (KOHA)
Koha item type Bibliography STAF
Holdings
Withdrawn status Lost status Damaged status Not for loan Home library Current library Date acquired Serial Enumeration / chronology Koha item type
      Bibliography RRII Library RRII Library 09/04/2014 Volume 5, Issue 1&2 Bibliography STAF